| 000 | 01067nam a2200313 a 4500 | ||
|---|---|---|---|
| 999 |
_c19589 _d19589 |
||
| 001 | 2084485 | ||
| 003 | BDDh-ASL | ||
| 005 | 20231015025805.0 | ||
| 008 | 941201s1994 ii b 001 0 eng | ||
| 010 | _a 94905939 | ||
| 020 |
_a8122003486 : _cRs200.00 |
||
| 025 | _aI-E-74751 | ||
| 040 |
_aDLC _cDLC _dBDDh-ASL |
||
| 042 | _alcode | ||
| 050 | 0 | 0 |
_aH61 _b.I65 1994 |
| 082 |
_a300.01 _bINT |
||
| 245 | 0 | 0 |
_aIntroduction to social theory / _cco-edited by Radhika Coomaraswamy, Nira Wickramasinghe. |
| 260 |
_aColombo, Sri Lanka : _bInternational Centre for Ethnic Studies ; _aDelhi, India : _bKonark Publishers, _c1994. |
||
| 300 |
_a147 p. ; _c22 cm. |
||
| 504 | _aIncludes bibliographical references and index. | ||
| 520 | _aContributed lectures. | ||
| 650 | 0 |
_aSocial sciences _xPhilosophy. |
|
| 700 | 1 | _aCoomaraswamy, Radhika. | |
| 700 | 1 | _aWikramasinghe, Nira. | |
| 710 | 2 | _aInternational Centre for Ethnic Studies. | |
| 906 |
_a7 _bcbc _corigode _d3 _encip _f19 _gy-gencatlg |
||
| 942 |
_2ddc _cBK |
||